000 00629nam a2200265Ia 4500
005 20260121172232.0
008 008 260114s9999 xx 000 0 eng d
020 _a9783030476458
037 _aEBOOK
040 _aCRL
040 _beng
040 _cCRL
041 _2eng
041 _aeng
084 _qCRL
100 _aMarc L. Zeise
_91085952
245 0 _aNeuroscience for Psychologists
260 _bSpringer
260 _bSpringer
260 _c2021
856 _uhttps://link.springer.com/openurl?genre=book&isbn=978-3-030-47645-8
942 _cEBOOK
999 _c1651689
_d1651689